00000000nam##2200000za#4500
0019.643119
003CaOODSP
00520210624224024
007cr |||||||||||
008150407|2005||||xxc|||||o    f|0| 0 fre|d
040 |aCaOODSP|bfre
043 |an-cn---
0861 |aEn14-167/2005F-PDF
1101 |aCanada. |bEnvironnement Canada.
24510|aStratégie de gestion du risque à l'égard des effluents des usines de textile qui utilisent des procédés de traitement au mouillé (EUT) et du nonylphénol (NP) et ses dérivés éthoxylés (NPE) en vertu de la LCPE (1999) |h[ressource électronique]
260 |aOttawa - Ontario : |bEnvironnement Canada |cMai 2002 (révisée juillet 2005).
300 |a25p.|bglossaire, tableaux
590 |a14-21-Supp|b2014-12-11
69107|aGestion des risques|2gcpds
69107|aIndustrie textile|2gcpds
69107|aProduit toxique|2gcpds
77508|tRisk management strategy in respect of effluents from textile mills that use wet processing (TMEs) and nonylphenol (NP) and its ethoxylates (NPEs) under CEPA 1999 |w(CaOODSP)9.699084
85640|ahttp://publications.gc.ca|qPDF|s96 Ko|uhttps://publications.gc.ca/collections/collection_2014/ec/En14-167-2005-fra.pdf